[Event "Napoli Parthenope op 6th"]
[Site "Napoli"]
[Date "2014.06.19"]
[Round "6"]
[White "Auletta, Pasquale"]
[Black "Farina, Walter"]
[Result "1-0"]
[WhiteElo "1557"]
[BlackElo "1606"]
[PlyCount "83"]
[EventDate "2014.06.01"]
[EventType "swiss"]
[EventRounds "7"]
[EventCountry "ITA"]
[SourceTitle "EXT 2018"]
[Source "ChessBase"]
[SourceDate "2017.10.13"]
[SourceVersion "1"]
[SourceVersionDate "2017.10.13"]
[SourceQuality "1"]

1. e4 e5 2. Nf3 Nc6 3. d4 exd4 4. Nxd4 Qf6 5. Nb3 Bd6 6. Nc3 Nge7 7. h4 Bf4 8. Bxf4 Qxf4 9. Bc4 d6 10. g3 Qg4 11. Qxg4 Bxg4 12. Nb5 0-0-0 13. Bxf7 Bf3 14. Be6+ Kb8 15. Rf1 Bxe4 16. 0-0-0 Bf5 17. N3d4 Nxd4 18. Nxd4 g6 19. Nxf5 Nxf5 20. h5 Ng7 21. Bf7 Nxh5 22. Rde1 Ng7 23. g4 Rdf8 24. Re7 Ne8 25. Rfe1 Nf6 26. g5 Nh5 27. Rd7 Rc8 28. Ree7 Rhf8 29. b3 Nf4 30. Be6 Nxe6 31. Rxe6 Rxf2 32. Rxh7 Rg8 33. Rxg6 Rff8 34. Rxg8 Rxg8 35. g6 b6 36. g7 Kb7 37. Kd2 Kc6 38. Ke3 Kd5 39. Kf4 Ke6 40. Kg5 Kf7 41. Kf5 Ke7 42. Kg6 1-0

[Event "Napoli Parthenope op 6th"]
[Site "Napoli"]
[Date "2014.06.12"]
[Round "4"]
[White "Farina, Walter"]
[Black "Caiazzo, Diego"]
[Result "1-0"]
[WhiteElo "1606"]
[BlackElo "1780"]
[PlyCount "65"]
[EventDate "2014.06.01"]
[EventType "swiss"]
[EventRounds "7"]
[EventCountry "ITA"]
[SourceTitle "EXT 2018"]
[Source "ChessBase"]
[SourceDate "2017.10.13"]
[SourceVersion "1"]
[SourceVersionDate "2017.10.13"]
[SourceQuality "1"]

1. b3 e6 2. Bb2 Nf6 3. e3 d5 4. Nf3 Be7 5. c4 0-0 6. Na3 Nbd7 7. cxd5 exd5 8. Be2 c6 9. Nc2 Re8 10. h3 Bf8 11. Ncd4 a6 12. Nh2 c5 13. Nf5 g6 14. Ng3 Bg7 15. 0-0 b6 16. f4 Ne4 17. Nxe4 Bxb2 18. Rb1 dxe4 19. Rxb2 Nf6 20. g4 Nd5 21. Qe1 Nb4 22. Qg3 Nd3 23. Bxd3 Qxd3 24. f5 Ra7 25. f6 g5 26. h4 Qd5 27. Rf2 Qe5 28. Qh3 Re6 29. Rf5 Qxb2 30. hxg5 Rxf6 31. gxf6 Qa1+ 32. Nf1 Qd1 33. Rg5+ 1-0

[Event "Napoli Parthenope op 6th"]
[Site "Napoli"]
[Date "2014.05.22"]
[Round "1"]
[White "Vannini, Aldo"]
[Black "Farina, Walter"]
[Result "1-0"]
[WhiteElo "1775"]
[BlackElo "1606"]
[PlyCount "51"]
[EventDate "2014.06.01"]
[EventType "swiss"]
[EventRounds "7"]
[EventCountry "ITA"]
[SourceTitle "EXT 2018"]
[Source "ChessBase"]
[SourceDate "2017.10.13"]
[SourceVersion "1"]
[SourceVersionDate "2017.10.13"]
[SourceQuality "1"]

1. d4 d5 2. Bf4 e6 3. e3 c5 4. c3 Nf6 5. Nf3 cxd4 6. exd4 Nc6 7. Bd3 Bd6 8. Bxd6 Qxd6 9. 0-0 0-0 10. Re1 Re8 11. Ne5 Nxe5 12. dxe5 Qe7 13. exf6 Qxf6 14. Qh5 g6 15. Qe5 Qe7 16. Bb5 Bd7 17. Bxd7 Qxd7 18. Nd2 Rac8 19. Nf3 h6 20. Qe3 Kg7 21. Ne5 Qe7 22. Qd3 Qc5 23. Rac1 Rcd8 24. Qd4 Qxd4 25. cxd4 Rd6 26. Rc7 1-0

[Event "Napoli Antica Scuola 2nd"]
[Site "Napoli"]
[Date "2014.04.03"]
[Round "5"]
[White "Farina, Walter"]
[Black "Esposito, Rosario"]
[Result "1/2-1/2"]
[WhiteElo "1606"]
[BlackElo "1832"]
[PlyCount "43"]
[EventDate "2014.03.06"]
[EventType "swiss"]
[EventRounds "7"]
[EventCountry "ITA"]
[SourceTitle "EXT 2015"]
[Source "ChessBase"]
[SourceDate "2014.11.20"]
[SourceVersion "1"]
[SourceVersionDate "2014.11.20"]
[SourceQuality "1"]

1. e4 c5 2. Nf3 e6 3. d4 cxd4 4. Nxd4 Nc6 5. Nxc6 bxc6 6. c4 Nf6 7. Bd3 d5 8. cxd5 cxd5 9. exd5 Nxd5 10. 0-0 Be7 11. Bd2 Bf6 12. Qc2 Rb8 13. Nc3 Nb4 14. Qa4+ Bd7 15. Bb5 Bxc3 16. Bxd7+ Qxd7 17. Qxd7+ Kxd7 18. Bxc3 f6 19. Bxb4 Rxb4 20. Rfd1+ Ke7 21. b3 Rd8 22. g3 1/2-1/2

[Event "Napoli Antica Scuola 2nd"]
[Site "Napoli"]
[Date "2014.03.27"]
[Round "4"]
[White "Vannini, Aldo"]
[Black "Farina, Walter"]
[Result "1/2-1/2"]
[WhiteElo "1775"]
[BlackElo "1606"]
[PlyCount "56"]
[EventDate "2014.03.06"]
[EventType "swiss"]
[EventRounds "7"]
[EventCountry "ITA"]
[SourceTitle "EXT 2015"]
[Source "ChessBase"]
[SourceDate "2014.11.20"]
[SourceVersion "1"]
[SourceVersionDate "2014.11.20"]
[SourceQuality "1"]

1. e4 c5 2. Nc3 g6 3. g3 Bg7 4. Bg2 d6 5. d3 Nc6 6. Be3 Nf6 7. f4 e5 8. Nf3 0-0 9. 0-0 Ng4 10. Bc1 f5 11. h3 Nh6 12. Nd5 Be6 13. fxe5 Bxd5 14. exd5 Nxe5 15. Bf4 Nhf7 16. Qd2 Nxf3+ 17. Bxf3 b5 18. c3 Rb8 19. Rfe1 Re8 20. Rxe8+ Qxe8 21. Re1 Qd7 22. g4 Ne5 23. Bd1 fxg4 24. Bxe5 Bxe5 25. Bxg4 Qg7 26. Rf1 Rf8 27. Qe2 Rxf1+ 28. Qxf1 Qf6 1/2-1/2

[Event "Napoli Province-ch"]
[Site "Napoli"]
[Date "2013.12.12"]
[Round "2"]
[White "Farina, Walter"]
[Black "Franzese, Luigi"]
[Result "0-1"]
[WhiteElo "1618"]
[BlackElo "1874"]
[PlyCount "80"]
[EventDate "2013.12.05"]
[EventType "swiss"]
[EventRounds "7"]
[EventCountry "ITA"]
[SourceTitle "EXT 2015"]
[Source "ChessBase"]
[SourceDate "2014.11.20"]
[SourceVersion "1"]
[SourceVersionDate "2014.11.20"]
[SourceQuality "1"]

1. e4 c5 2. Nf3 d6 3. Bd3 Nc6 4. c3 Nf6 5. h3 e5 6. Bc2 Qb6 7. 0-0 Be7 8. d3 h6 9. Nbd2 Be6 10. a4 0-0 11. Bb3 Rac8 12. Re1 Na5 13. Nc4 Qxb3 14. Nxa5 Qb6 15. Nc4 Bxc4 16. dxc4 a5 17. Qc2 Nh7 18. Nd2 Bg5 19. Nf1 Bxc1 20. Rexc1 Nf6 21. Ne3 Qc6 22. Nd5 Nxd5 23. cxd5 Qd7 24. c4 f5 25. f3 Rf7 26. Rf1 Rcf8 27. b3 Qd8 28. Rae1 Qg5 29. exf5 Rxf5 30. Re4 h5 31. Kh2 Rf4 32. Rfe1 h4 33. Rxf4 Qg3+ 34. Kh1 Qxe1+ 35. Kh2 Qg3+ 36. Kh1 Rxf4 37. Qd2 Rd4 38. Qe2 Qg5 39. Qe1 Qd2 40. Qxh4 Rxh4 0-1

[Event "Parthenope op 5th"]
[Site "Napoli"]
[Date "2013.05.30"]
[Round "4"]
[White "Somma, Erminio"]
[Black "Farina, Walter"]
[Result "1-0"]
[WhiteElo "1539"]
[BlackElo "1649"]
[PlyCount "89"]
[EventDate "2013.05.09"]
[EventType "swiss"]
[EventRounds "7"]
[EventCountry "ITA"]
[SourceTitle "EXT 2014"]
[Source "ChessBase"]
[SourceDate "2013.11.20"]
[SourceVersion "1"]
[SourceVersionDate "2013.11.20"]
[SourceQuality "1"]

1. d4 Nf6 2. Nf3 b6 3. e3 e6 4. Bd3 Bb7 5. Nbd2 d5 6. 0-0 Bd6 7. Re1 Nbd7 8. e4 dxe4 9. Nxe4 Qe7 10. Nxd6+ Qxd6 11. h3 h6 12. c3 0-0-0 13. b4 g5 14. Ne5 Qd5 15. f3 Nxe5 16. Rxe5 Qd6 17. Bc4 Rdg8 18. Qf1 Nd7 19. Re1 Kb8 20. a4 h5 21. a5 g4 22. axb6 gxf3 23. bxa7+ Ka8 24. Ra2 Rg7 25. Re3 fxg2 26. Qf2 h4 27. Be2 Rg3 28. Bf3 Rxh3 29. Bxb7+ Kxb7 30. a8Q+ Rxa8 31. Qxg2+ c6 32. Rxh3 Rxa2 33. Qxa2 Nf6 34. Qg2 Nd5 35. Qf3 Qf8 36. Rxh4 Qg7+ 37. Rg4 Qh7 38. Qg2 Qb1 39. Qf1 Kb6 40. Bd2 Qc2 41. Rg2 f5 42. c4 Nf6 43. c5+ Kb7 44. Rg7+ Kc8 45. Qa6+ 1-0

[Event "Napoli Antica Scuola 1st"]
[Site "Napoli"]
[Date "2013.03.21"]
[Round "5"]
[White "Buiano, Fabio"]
[Black "Farina, Walter"]
[Result "1-0"]
[WhiteElo "2036"]
[BlackElo "1628"]
[PlyCount "65"]
[EventDate "2013.02.21"]
[EventType "swiss"]
[EventRounds "7"]
[EventCountry "ITA"]
[SourceTitle "EXT 2014"]
[Source "ChessBase"]
[SourceDate "2013.11.20"]
[SourceVersion "1"]
[SourceVersionDate "2013.11.20"]
[SourceQuality "1"]

1. e4 c5 2. Nf3 d6 3. d4 cxd4 4. Qxd4 Nc6 5. Bb5 Bd7 6. Bxc6 Bxc6 7. Nc3 Nf6 8. Bg5 Qa5 9. 0-0 Qc5 10. Rfe1 Qxd4 11. Nxd4 Nd7 12. b4 Nb8 13. b5 Bd7 14. Nd5 Kd8 15. a4 h6 16. Bh4 g5 17. Bg3 Bg7 18. Rad1 Bxd4 19. Rxd4 Be6 20. e5 Nd7 21. exd6 Rc8 22. dxe7+ Ke8 23. c4 b6 24. Bd6 Bxd5 25. cxd5 h5 26. Rdd1 Rh6 27. Ba3 Rc3 28. Rc1 Rxc1 29. Rxc1 Nc5 30. Bxc5 bxc5 31. Rxc5 Kxe7 32. Rc7+ Kd6 33. Rc6+ 1-0

[Event "Napoli Antica Scuola 1st"]
[Site "Napoli"]
[Date "2013.02.28"]
[Round "2"]
[White "Capozzoli, Silvio"]
[Black "Farina, Walter"]
[Result "0-1"]
[WhiteElo "1832"]
[BlackElo "1628"]
[PlyCount "86"]
[EventDate "2013.02.21"]
[EventType "swiss"]
[EventRounds "7"]
[EventCountry "ITA"]
[SourceTitle "EXT 2014"]
[Source "ChessBase"]
[SourceDate "2013.11.20"]
[SourceVersion "1"]
[SourceVersionDate "2013.11.20"]
[SourceQuality "1"]

1. e4 c5 2. c4 Nc6 3. Nc3 d6 4. Nge2 g6 5. g3 Bg7 6. Bg2 e5 7. d3 Nge7 8. h3 0-0 9. 0-0 h6 10. Rb1 f5 11. f4 fxe4 12. dxe4 Nd4 13. Nxd4 cxd4 14. Nd5 Nxd5 15. cxd5 Bd7 16. a4 a5 17. b3 Rf6 18. g4 Qe7 19. f5 g5 20. Qd3 Bf8 21. Bd2 Qe8 22. Rfc1 b5 23. b4 axb4 24. axb5 Bxb5 25. Qb3 Rf7 26. Bxb4 Rb7 27. Qf3 Ra2 28. Bf1 Bxf1 29. Qxf1 Qa4 30. Qc4 d3 31. Qb3 Qa7+ 32. Bc5 Rxb3 33. Bxa7 Rxb1 34. Rxb1 Rxa7 35. Kf2 Ra3 36. Rd1 Be7 37. Rd2 Bd8 38. Kg3 Bb6 39. h4 Be3 40. Rd1 Bf4+ 41. Kg2 d2 42. hxg5 hxg5 43. Kf2 Rg3 0-1

[Event "Napoli Antica Scuola 1st"]
[Site "Napoli"]
[Date "2013.02.21"]
[Round "1"]
[White "Farina, Walter"]
[Black "Esposito, Pino"]
[Result "1/2-1/2"]
[WhiteElo "1628"]
[BlackElo "1801"]
[PlyCount "33"]
[EventDate "2013.02.21"]
[EventType "swiss"]
[EventRounds "7"]
[EventCountry "ITA"]
[SourceTitle "EXT 2014"]
[Source "ChessBase"]
[SourceDate "2013.11.20"]
[SourceVersion "1"]
[SourceVersionDate "2013.11.20"]
[SourceQuality "1"]

1. e4 c5 2. Nf3 d6 3. d4 cxd4 4. Nxd4 Nf6 5. Nc3 a6 6. Bg5 e6 7. f4 Be7 8. Bc4 Nc6 9. Bb3 Qb6 10. Nxc6 bxc6 11. Qe2 Bd7 12. Bh4 c5 13. Bf2 Bc6 14. 0-0 Qb7 15. Rfe1 0-0 16. Rad1 Rad8 17. Ba4 1/2-1/2

[Event "Napoli Province-ch"]
[Site "Napoli"]
[Date "2012.12.13"]
[Round "4"]
[White "Baccelliere, Antonio"]
[Black "Farina, Walter"]
[Result "1/2-1/2"]
[WhiteElo "1434"]
[BlackElo "1639"]
[PlyCount "67"]
[EventDate "2012.11.22"]
[EventType "swiss"]
[EventRounds "7"]
[EventCountry "ITA"]
[SourceTitle "EXT 2014"]
[Source "ChessBase"]
[SourceDate "2013.11.20"]
[SourceVersion "1"]
[SourceVersionDate "2013.11.20"]
[SourceQuality "1"]

1. e4 c5 2. Nf3 d6 3. d4 cxd4 4. Nxd4 Nf6 5. Nc3 a6 6. Bc4 e6 7. Bg5 Nbd7 8. 0-0 Ne5 9. Bb3 h6 10. Bh4 Be7 11. f4 Ng6 12. Bg3 Qa5 13. f5 exf5 14. exf5 Ne5 15. Bxe5 Qxe5 16. Qd3 Ng4 17. g3 Qe3+ 18. Qxe3 Nxe3 19. Rf3 Ng4 20. Re1 Ne5 21. Rfe3 0-0 22. Nd5 Bd8 23. Rf1 Nc6 24. Nxc6 bxc6 25. Ne7+ Kh7 26. Nxc8 Rxc8 27. Kg2 Bf6 28. c3 Rc7 29. h4 Be5 30. Bc4 a5 31. Bd3 Kg8 32. Rf2 Rb8 33. Rd2 Rcb7 34. Ree2 1/2-1/2

[Event "Milan Crespi op-C 33rd"]
[Site "Milan"]
[Date "2012.12.08"]
[Round "5"]
[White "Farina, Walter"]
[Black "Confalonieri, Luca"]
[Result "1/2-1/2"]
[WhiteElo "1677"]
[BlackElo "1607"]
[PlyCount "66"]
[EventDate "2012.12.05"]
[EventType "swiss"]
[EventRounds "7"]
[EventCountry "ITA"]
[SourceTitle "EXT 2024"]
[Source "ChessBase"]
[SourceDate "2023.10.10"]
[SourceVersion "1"]
[SourceVersionDate "2023.10.10"]
[SourceQuality "1"]

1. e4 e5 2. Nf3 Nc6 3. Bb5 a6 4. Ba4 b5 5. Bb3 Nf6 6. d3 Bc5 7. c3 d6 8. h3 Be6 9. Bc2 Bb6 10. Nbd2 0-0 11. Nf1 Qd7 12. Ng3 h6 13. 0-0 Rad8 14. Be3 Ne7 15. Bxb6 cxb6 16. Ne2 Ng6 17. Bb3 Nh5 18. Bxe6 fxe6 19. d4 exd4 20. Qxd4 Qc7 21. Rfc1 Nhf4 22. Nxf4 Nxf4 23. Qe3 e5 24. a4 Qc4 25. Rc2 Qb3 26. Rd2 bxa4 27. Ra3 Qb5 28. Ne1 Rf7 29. Nd3 Nxd3 30. Qxd3 Qxd3 31. Rxd3 b5 32. Rd5 Rc7 33. f3 g5 1/2-1/2

[Event "Napoli Province-ch"]
[Site "Napoli"]
[Date "2012.11.22"]
[Round "1"]
[White "Caiazzo, Diego"]
[Black "Farina, Walter"]
[Result "1/2-1/2"]
[WhiteElo "1845"]
[BlackElo "1639"]
[PlyCount "138"]
[EventDate "2012.11.22"]
[EventType "swiss"]
[EventRounds "7"]
[EventCountry "ITA"]
[SourceTitle "EXT 2014"]
[Source "ChessBase"]
[SourceDate "2013.11.20"]
[SourceVersion "1"]
[SourceVersionDate "2013.11.20"]
[SourceQuality "1"]

1. Nf3 d5 2. d4 c6 3. e3 Nf6 4. Nbd2 e6 5. Bd3 Nbd7 6. 0-0 Bd6 7. c3 e5 8. dxe5 Nxe5 9. Nxe5 Bxe5 10. Nf3 Bg4 11. Be2 Bd6 12. Nd4 h5 13. h3 Qe7 14. f3 Bd7 15. Bd3 g6 16. Qc2 0-0-0 17. Bd2 Qe5 18. f4 Qe7 19. a4 Rdg8 20. Nf3 Bc5 21. Rfe1 Nh7 22. b4 Bd6 23. b5 c5 24. e4 c4 25. Bf1 Bc5+ 26. Nd4 Qd6 27. Kh1 g5 28. e5 Qe7 29. Nf5 Bxf5 30. Qxf5+ Qe6 31. Qxe6+ fxe6 32. Rad1 gxf4 33. Bxf4 Ng5 34. Bd2 Ne4 35. Rxe4 dxe4 36. Bxc4 Rg6 37. Re1 e3 38. Bxe3 Bxe3 39. Rxe3 Rd8 40. Bd3 Rg5 41. c4 Rd4 42. Kh2 Kc7 43. Be2 Rd2 44. Re4 Kb6 45. Bf3 Ka5 46. c5 Rc2 47. c6 bxc6 48. bxc6 Rxc6 49. g4 Rc2+ 50. Kg3 hxg4 51. hxg4 Rc5 52. Kf4 Rg8 53. g5 Rf8+ 54. Kg4 Rf5 55. g6 Rc7 56. Kg3 Rg5+ 57. Bg4 Rxg6 58. Kf4 Rf7+ 59. Ke3 Kb6 60. Kd4 a5 61. Ke3 Rc7 62. Kf4 Rc1 63. Be2 Rh1 64. Ke3 Kc5 65. Rc4+ Kb6 66. Bf3 Rh3 67. Rc6+ Ka7 68. Rc7+ Kb6 69. Rc6+ Ka7 1/2-1/2

[Event "Napoli Porreca Memorial 2nd"]
[Site "Napoli"]
[Date "2012.10.25"]
[Round "6"]
[White "Lombardo, Claudio"]
[Black "Farina, Walter"]
[Result "0-1"]
[WhiteElo "1876"]
[BlackElo "1639"]
[PlyCount "104"]
[EventDate "2012.09.20"]
[EventType "swiss"]
[EventRounds "7"]
[EventCountry "ITA"]
[SourceTitle "EXT 2014"]
[Source "ChessBase"]
[SourceDate "2013.11.20"]
[SourceVersion "1"]
[SourceVersionDate "2013.11.20"]
[SourceQuality "1"]

1. d4 f5 2. Nf3 Nf6 3. c4 g6 4. Nc3 Bg7 5. Bf4 d6 6. e3 0-0 7. h3 Qe8 8. Bd3 c6 9. Qc2 Na6 10. a3 Nd7 11. d5 Ne5 12. 0-0-0 Nxd3+ 13. Qxd3 Nc5 14. Qc2 b5 15. cxb5 cxb5 16. Nd4 Bd7 17. Qe2 a6 18. g4 Rc8 19. Kb1 Qd8 20. gxf5 Bxf5+ 21. Nxf5 Rxf5 22. Bg3 Qa5 23. e4 Rh5 24. e5 Bxe5 25. Bxe5 Rxe5 26. Qg4 Rf8 27. Rhe1 Rxe1 28. Rxe1 Qc7 29. Qg5 Rf6 30. h4 Qd7 31. Ne4 Nxe4 32. Rxe4 Kg7 33. Qe3 Qf5 34. Ka1 Qxd5 35. Rxe7+ Rf7 36. Re8 Qh1+ 37. Ka2 Qxh4 38. Qc3+ Qf6 39. Qc8 Qxf2 40. Rg8+ Kh6 41. Qxa6 Qf1 42. Qc6 Rf6 43. Rc8 g5 44. Qc3 Kh5 45. Qg3 Qf4 46. Qd3 h6 47. Qxb5 Qe5 48. a4 Qe6+ 49. Qc4 d5 50. Qc5 d4+ 51. Ka3 Rf3+ 52. b3 Qxb3# 0-1

[Event "Napoli Porreca Memorial 2nd"]
[Site "Napoli"]
[Date "2012.10.10"]
[Round "4"]
[White "Farina, Walter"]
[Black "De Rosa, Francesco"]
[Result "0-1"]
[WhiteElo "1639"]
[BlackElo "1933"]
[PlyCount "102"]
[EventDate "2012.09.20"]
[EventType "swiss"]
[EventRounds "7"]
[EventCountry "ITA"]
[SourceTitle "EXT 2014"]
[Source "ChessBase"]
[SourceDate "2013.11.20"]
[SourceVersion "1"]
[SourceVersionDate "2013.11.20"]
[SourceQuality "1"]

1. e4 c5 2. Nf3 Nc6 3. d4 cxd4 4. Nxd4 Nf6 5. Nc3 e5 6. Ndb5 d6 7. Nd5 Nxd5 8. exd5 Nb8 9. c4 Be7 10. Bd3 0-0 11. 0-0 f5 12. f4 e4 13. Be2 Qb6+ 14. Kh1 Bf6 15. Rb1 Bd7 16. Na3 a5 17. Nc2 Na6 18. Be3 Qc7 19. Bd4 Bxd4 20. Nxd4 Nc5 21. g4 g6 22. h4 e3 23. Bf3 fxg4 24. Bxg4 Qd8 25. Bxd7 Qxh4+ 26. Kg2 Nxd7 27. Ne6 Rf5 28. Rf3 e2 29. Qxe2 Qg4+ 30. Kf2 Rh5 31. Ke3 Ne5 32. Rf2 Rh3+ 33. Kd2 Nf3+ 34. Kc2 Qf5+ 35. Kc1 Rh1+ 36. Rf1 Rxf1+ 37. Qxf1 Qe4 38. b3 Qxb1+ 39. Kxb1 Nd2+ 40. Kc2 Nxf1 41. a3 Rc8 42. Kd3 Ng3 43. b4 axb4 44. axb4 b6 45. Kd4 Nf5+ 46. Kd3 h5 47. Ng5 Ra8 48. c5 bxc5 49. bxc5 dxc5 50. Kc4 Ra5 51. Ne6 Ne3+ 0-1

[Event "Napoli Porreca Memorial 2nd"]
[Site "Napoli"]
[Date "2012.10.04"]
[Round "3"]
[White "Solombrino, Giovanni"]
[Black "Farina, Walter"]
[Result "1-0"]
[WhiteElo "1838"]
[BlackElo "1639"]
[PlyCount "71"]
[EventDate "2012.09.20"]
[EventType "swiss"]
[EventRounds "7"]
[EventCountry "ITA"]
[SourceTitle "EXT 2014"]
[Source "ChessBase"]
[SourceDate "2013.11.20"]
[SourceVersion "1"]
[SourceVersionDate "2013.11.20"]
[SourceQuality "1"]

1. e4 e5 2. Nf3 Nc6 3. d4 exd4 4. Nxd4 Qf6 5. c3 Bc5 6. Be3 Nge7 7. Bc4 Ne5 8. Bb3 d6 9. Nc2 Bg4 10. Qd2 Bf3 11. 0-0 Bxg2 12. Kxg2 Qf3+ 13. Kg1 Qh3 14. f4 Nf3+ 15. Rxf3 Qxf3 16. Nba3 Qxe4 17. Bxc5 dxc5 18. Re1 Qc6 19. Qe3 Qd7 20. Nc4 Qg4+ 21. Kh1 Qh4 22. Ne5 Rf8 23. Nf3 Qf6 24. Ng5 Rh8 25. Bxf7+ Kf8 26. Bb3 Re8 27. Ne6+ Kg8 28. Nxc7+ Kf8 29. Nxe8 Kxe8 30. Qe4 Rf8 31. Ba4+ Kf7 32. Bb3+ Ke8 33. Ne3 Qxf4 34. Qxf4 Rxf4 35. Nd5 Rf7 36. Nc7+ 1-0

[Event "Napoli Province-ch 2012"]
[Site "Napoli"]
[Date "2011.12.15"]
[Round "1"]
[White "Farina, Walter"]
[Black "Vannini, Aldo"]
[Result "0-1"]
[WhiteElo "1440"]
[BlackElo "1792"]
[PlyCount "124"]
[EventDate "2011.12.15"]
[EventType "swiss"]
[EventRounds "7"]
[EventCountry "ITA"]
[SourceTitle "EXT 2018"]
[Source "ChessBase"]
[SourceDate "2017.10.13"]
[SourceVersion "1"]
[SourceVersionDate "2017.10.13"]
[SourceQuality "1"]

1. e4 e6 2. d4 d5 3. e5 c5 4. c3 Nc6 5. Nf3 Qb6 6. Be2 Nh6 7. Bxh6 Qxb2 8. Nbd2 gxh6 9. Qc1 Qxc1+ 10. Rxc1 Bd7 11. Nb3 cxd4 12. cxd4 Bb4+ 13. Kf1 Rc8 14. g3 Ke7 15. Kg2 Na5 16. Nc5 Bxc5 17. Rxc5 Rxc5 18. dxc5 a6 19. Nd4 Nc6 20. Nxc6+ Bxc6 21. Rd1 Rc8 22. Rc1 f6 23. exf6+ Kxf6 24. f4 Rc7 25. Bg4 Bb5 26. Re1 Re7 27. Re5 Be8 28. Kf2 Bf7 29. Ke3 Bg6 30. Kd4 Bf7 31. Ke3 Rd7 32. Kd4 Rc7 33. Bh3 Rc6 34. Bg4 Bg6 35. Bh3 a5 36. a3 h5 37. Bf1 Rc7 38. Bh3 Re7 39. Bf1 Bf5 40. Bb5 Rg7 41. Ke3 h4 42. Kf2 Rc7 43. gxh4 Rxc5 44. a4 Rc3 45. Re3 Rxe3 46. Kxe3 Ke7 47. Kd4 Kd6 48. Be8 Bg6 49. Bb5 Ke7 50. Ke5 Be8 51. Bd3 Bxa4 52. Bxh7 Be8 53. Kd4 Kf6 54. Bb1 Bg6 55. Ba2 Be4 56. Bb3 Kf5 57. h5 Kxf4 58. Ba4 Kg5 59. Be8 Bf5 60. h4+ Kh6 61. Ke5 Bg4 62. Bg6 a4 0-1

[Event "Napoli Porreca Cup 1st"]
[Site "Napoli"]
[Date "2011.11.10"]
[Round "7"]
[White "Farina, Walter"]
[Black "Somma, Erminio"]
[Result "1-0"]
[WhiteElo "1440"]
[BlackElo "1673"]
[PlyCount "53"]
[EventDate "2011.09.22"]
[EventType "swiss"]
[EventRounds "7"]
[EventCountry "ITA"]
[SourceTitle "EXT 2018"]
[Source "ChessBase"]
[SourceDate "2017.10.13"]
[SourceVersion "1"]
[SourceVersionDate "2017.10.13"]
[SourceQuality "1"]

1. e4 d5 2. exd5 Qxd5 3. Nc3 Qa5 4. d4 Nf6 5. Bd2 c6 6. Bc4 Qb6 7. Nce2 Qxb2 8. Rb1 Qa3 9. Bb4 Qa4 10. Nc3 Qxb4 11. Rxb4 b5 12. Bd3 e6 13. Rb1 Bb7 14. Nf3 a5 15. a4 Bb4 16. Qd2 bxa4 17. 0-0 a3 18. Qg5 0-0 19. Na2 h6 20. Qh4 Be7 21. Rxb7 Re8 22. g4 Nd5 23. Qg3 c5 24. g5 hxg5 25. Nxg5 Nc6 26. Qh4 Bxg5 27. Qh7+ 1-0